000 00586 a2200181 4500
020 _a0122676556
020 _a9780122676550
082 0 4 _a515
090 _c716
_d716
100 1 _aFridy, John A.
245 1 0 _aIntroductory analysis, second edition :
_bthe theory of calculus /
_cJohn A. Fridy.
250 _a2nd ed.
260 _a[S.l.] :
_bAcademic Press,
_c2000.
300 _a335 p. ;
_c24 cm.
700 _aFridy, John A.
942 _aSNS
_cBK
_k515 FRI
999 _c29345
_d29345